000 00431nam a2200157 a 4500
005 20140412111420.0
008 080103s19uu xx 00 eng d
020 _a0-590-27363-9
050 _aM 575.5
_bF84 1994
100 _aFranco, Betsy
245 _aFresh Fall Leaves /
_cwritten by Betsy Franco.
260 _aNew York :
_bScholastic,
_cc1994.
300 _a16p.
650 _aLeaves
_xJuvenile literature
999 _c106004
_d106004